Gold in the service of the developing countries a financing plan

Đã lưu trong:
Sonraí Bibleagrafaíochta
Príomhúdar: Angelopoulos, Angelos
Formáid: Leabhar
Teanga:Undetermined
Foilsithe: Geneva Nagel 1969
Ábhair:
Clibeanna: Cuir Clib Leis
Gan Chlibeanna, Bí ar an gcéad duine leis an taifead seo a chlibeáil!
Thư viện lưu trữ: Trung tâm Học liệu Trường Đại học Cần Thơ
LEADER 00545nam a2200193Ia 4500
001 CTU_82314
008 210402s9999 xx 000 0 und d
082 |a 332.1 
082 |b A584 
100 |a Angelopoulos, Angelos 
245 0 |a Gold in the service of the developing countries a financing plan 
245 0 |c Angelos Angelopoulos 
260 |a Geneva 
260 |b Nagel 
260 |c 1969 
650 |a Gold,Finance 
650 |x Developing countries 
904 |i Trọng Hải 
980 |a Trung tâm Học liệu Trường Đại học Cần Thơ